Países que começam com B - Statistics

Estatísticas Gerais
  • Esse quiz foi jogado 100 vezes
  • A pontuação média é 12 de 17
Estatísticas das Respostas
Hint Resposta % Correto
2. Brasil
99%
4. Bolívia
85%
1. Bélgica
80%
13. Bósnia e Herzegovina
79%
17. Botswana
79%
9. Belize
78%
16. Butão
78%
7. Barbados
76%
11. Bielorrússia
74%
3. Bahamas
73%
14. Bulgária
71%
6. Brunei
66%
12. Benim
65%
10. Bangladesh
63%
15. Burundi
63%
8. Burkina Faso
61%
5. Bahrein
52%
Nenhum quiz correspondente encontrado
Distribuição das Pontuações
Porcentagem de Pessoas com Cada Pontuação
Percentil de Números Respondidos
Sua Pontuação Histórica
Você não jogou esse quiz